000 01180nam a2200337 i 4500
001 25384
003 KOSZ 005
005 20220419132529.0
008 071201s1971 pl a f 001 0 pol
015 _aPB 1971/2898
040 _aWA N
_cWA N
_dKOSZ 005/RW
080 _a541.1
080 _a539.16
100 1 _aBroszkiewicz, Roman
_c(fizyka jądrowa).
_eAutor
245 1 0 _aChemiczne metody dozymetrii promieniowania jonizującego /
_cRoman Broszkiewicz.
260 _aWarszawa :
_bWydawnictwa Naukowo-Techniczne,
_c1971.
300 _a479, [1] stron :
_bilustracje ;
_c25 cm.
336 _aTekst
_btxt
_2rdacontent
337 _aBez urządzenia pośredniczącego
_bn
_2rdamedia
338 _aWolumin
_bnc
_2rdacarrier
380 _aKsiążki.
504 _aBibliografia przy rozdziałach. Indeks.
658 _aChemia
658 _aFizyka i astronomia
650 4 _aRadiochemia
650 4 _aPromieniowanie jonizujące
650 4 _aDozymetria
710 2 _aWydawnictwa Naukowo-Techniczne
_4pbl.
856 _uhttp://koha.tu.koszalin.pl/cgi-bin/koha/opac-detail.pl?biblionumber=25384
_yKatalog online BPK
942 _2UKD
_cKS
999 _c25384
_d25384